| 000 | 00880 a2200169 4500 | ||
|---|---|---|---|
| 999 |
_c10683 _d10683 |
||
| 050 | _aRA407.5.Z55 ZIM 2019 | ||
| 110 | _aZimbabwe National Statistics Agency, author, publisher. | ||
| 245 |
_a MICS : _bmultiple indicator cluster survey / _cZimbabwe National Statistics Agency (ZIMSTAT) and UNICEF. |
||
| 264 |
_aHarare, Zimbabwe : _bZIMSTAT and UNICEF, _c2019. |
||
| 300 |
_a2 volumes ; _b30 cm |
||
| 500 | _aCitation title: Zimbabwe multiple indicator cluster survey 2019 [v.1] 2019 snapshots of key findings -- [v.2] 2019 survey findings report. Includes bibliographical references. | ||
| 650 |
_aChildren--Health and hygiene--Zimbabwe _xStatistics. |
||
| 650 |
_aWomen--Health and hygiene--Zimbabwe _xStatistics. |
||
| 650 |
_aWomen--Health and hygiene--Zimbabwe _xStatistics. |
||
| 700 |
_aUNICEF-Zimbabwe _eauthor, publisher. |
||
| 942 |
_2lcc _cSERIALS _h407.5.Z55 _iZIM _kRA |
||